Population Quiz - Statistics

General Stats
  • This quiz has been taken 17 times
  • The average score is 13 of 15
Answer Stats
Population Country % Correct
1.38 Billion China
100%
1.23 Billion India
100%
316 Million Usa
100%
237 Million Indonesia
94%
143 Million Russia
88%
152 Million Bangladesh
81%
193 Million Brazil
81%
127 Million Japan
81%
117 Million Mexico
81%
173 Million Nigeria
81%
183 Million Pakistan
81%
98 Million Phillippines
81%
88 Million Vietnam
81%
86 Million Ethiopia
75%
83 Million Egypt
69%
No matching quizzes found
Score Distribution
Percent of People with Each Score
Percentile by Number Answered
Your Score History
You have not taken this quiz